000 00687nam a2200169 a 4500
001 000048321
005 20201002061053.0
008 190125s2017 dr c r 000 0 spa d
020 _a9789945894646
040 _aDO-SdBNP
_bspa
_cBNPHU
082 _axxxx
_bS471s
111 2 _aSeminario Internacional de Investigación para la salud
_d(2013 :
_cSanto Domingo )
_975742
245 1 0 _aSeminario internacional de investigación para la salud :
_blibro de resúmenes.
260 _aSanto Domingo :
_bPntificia Universidad Católica Madre y Maestra ;
_bAcademia de Ciencias de la República Dominicana ;
_bMESCYT,
_c2017.
300 _a114 p. :
_bretrs. ;
_c28 cm.
590 _aInventariado, 2019/BT
999 _c47809
_d47809